| 000 | 01167nam a22002297a 4500 | ||
|---|---|---|---|
| 005 | 20210414114133.0 | ||
| 008 | 120829t xxu||||| |||| 00| 0 eng d | ||
| 020 | _a0072948213 | ||
| 050 | _aPE1431.C778 | ||
| 100 | _aCrusius, Timothy W. | ||
| 245 |
_aThe aims of arguement: a brief guide. / _cTimothy W. Crusius and Carolyn E. Channel. |
||
| 250 | _a4th ed. | ||
| 260 |
_aNew York : _bMcGraw-Hill, _c2003. |
||
| 300 |
_axxvi, 339 p. : _bill. ; _c23 cm. |
||
| 500 | _aIncludes appendix and glossary. | ||
| 505 | _aContents : Understanding arguement -- Reading an arguement -- Analyzing arguements: a simplified toulmin method -- Reading and writing about visual arguements -- Writing research-based arguements -- Looking for some truth: argueing to inquire -- Making your case: arguing to convince -- Motivating action: arguing to persuade -- Resolving conflict: arguing to negotiate and mediate -- Appendix. | ||
| 650 |
_aEnglish language _x Rhetoric _x Handbooks, manuals, etc. |
||
| 650 |
_aPersuasion (Rhetoric) _x Handbooks, manuals, etc. |
||
| 650 |
_aReport writing _xHandbooks, manuals, etc. |
||
| 700 | _aChannell, Carolyn E. | ||
| 942 |
_2lcc _cBK |
||
| 999 |
_c2229 _d9729 |
||